Top 10 Des Meilleures Nations Du Monde - Statistics

General Stats
  • This quiz has been taken 377 times
  • The average score is 7 of 10
Answer Stats
Hint Answer % Correct
2 France
100%
10 Espagne
81%
3 Brésil
68%
8 Italie
68%
9 Portugal
68%
1 Argentine
65%
5 Angleterre
60%
4 Belgique
57%
6 Pays-Bas
46%
7 Croatie
40%
No matching quizzes found
Score Distribution
Percent of People with Each Score
Percentile by Number Answered
Your Score History
You have not taken this quiz